[Event "WTCC-50 2018"]
[Site "Radebeul"]
[Date "2018.07.14"]
[Round "8"]
[White "Eriksson, Urban"]
[Black "Goh, Cheng Hong"]
[Result "1/2-1/2"]
[WhiteElo "1875"]
[BlackElo "2323"]
[Annotator "NA"]
[PlyCount "109"]
[EventDate "2018.07.07"]
[EventType "team-tourn"]
[EventCountry "GER"]
[SourceTitle "playchess.com"]
[Source "ChessBase"]
[SourceQuality "1"]
[TimeControl "40/5400+30:1800+30"]

1. Nf3 {[%emt 0:00:00]} g6 {[%emt 0:00:00]} 2. e4 {[%emt 0:00:00]} Bg7 {[%emt 0:00:00]} 3. d4 {[%emt 0:00:11]} c5 {[%emt 0:00:14]} 4. c3 {[%emt 0:00:31]} d5 {[%emt 0:02:36]} 5. exd5 {[%emt 0:06:48]} Qxd5 {[%emt 0:01:50]} 6. Be2 {[%emt 0:08:40]} cxd4 {[%emt 0:09:26]} 7. cxd4 {[%emt 0:00:47]} Nc6 {[%emt 0:01:03] B06: Modern Defence} (7... Nf6 8. Nc3 Qd6 9. O-O O-O 10. Qb3 Na6 11. Rd1 b6 12. Ne5 Nc7 13. Nc4 Qd8 14. Bf4 Ncd5 15. Nxd5 Nxd5 16. Be5 {0-1 (66) Yeoh,L (2478)-Anand,V (2783) Tbilisi 2017}) 8. Nc3 {[%emt 0:01:23]} Qa5 {[%emt 0:01:23]} 9. O-O {[%emt 0:00:50]} Bg4 {[%emt 0:02:25]} 10. Qb3 {[%emt 0:10:43]} Bxf3 {[%emt 0:12:04]} 11. Bxf3 {[%emt 0:02:13]} Nxd4 {[%emt 0:00:09]} 12. Qxb7 {[%emt 0:01:11]} Nxf3+ {[%emt 0:02:03]} 13. Qxf3 {[%emt 0:02:03]} Rc8 {[%emt 0:18:46]} 14. Qb7 {[%emt 0:03:58]} Qc7 {[%emt 0:03:47]} 15. Qxc7 $146 {[%emt 0:08:21]} ({Predecessor:} 15. Qb5+) 15... Rxc7 {[%emt 0:00:03]} 16. Be3 {[%emt 0:03:47]} Bxc3 {[%emt 0:05:39]} 17. bxc3 {[%emt 0:00:38]} Nf6 {[%emt 0:00:07]} 18. Bd4 {[%emt 0:03:54]} O-O {[%emt 0:01:07]} 19. Rac1 {[%emt 0:04:38]} Rfc8 {[%emt 0:04:18]} 20. Rc2 {[%emt 0:00:27]} Nd5 {[%emt 0:04:52]} 21. Rfc1 {[%emt 0:05:17]} a6 {[%emt 0:01:13]} 22. g3 {[%emt 0:05:36]} g5 {[%emt 0:01:20]} 23. f4 {[%emt 0:01:01]} gxf4 {[%emt 0:01:42]} 24. c4 {[%emt 0:11:42]} Nb4 {[%emt 0:05:11]} 25. Rd2 {[%emt 0:03:09]} fxg3 {[%emt 0:06:11]} 26. Be5 {[%emt 0:04:13]} gxh2+ {[%emt 0:01:43]} 27. Kxh2 {[%emt 0:00:21]} Rc6 {[%emt 0:03:34]} 28. a3 {[%emt 0:00:23]} Rh6+ {[%emt 0:00:29]} 29. Kg1 {[%emt 0:00:49]} Nc6 {[%emt 0:00:08]} 30. Bf4 {[%emt 0:03:06]} Rh4 {[%emt 0:01:47]} 31. Rg2+ {[%emt 0:00:46]} Kf8 {[%emt 0:00:36]} 32. Bg5 {[%emt 0:01:42]} Rh5 {[%emt 0:00:55]} 33. Rb1 {[%emt 0:01:37]} f6 {[%emt 0:00:36]} 34. Be3 Ne5 {[%emt 0:04:51]} 35. c5 {[%emt 0:02:27]} Nc4 {[%emt 0:00:37]} 36. Bf2 {[%emt 0:00:47]} Nxa3 {[%emt 0:00:30]} 37. Rb6 {[%emt 0:00:49]} a5 {[%emt 0:00:44]} 38. c6 {[%emt 0:00:41]} Rb5 {[%emt 0:01:26]} 39. Ra6 {[%emt 0:01:02]} Rb1+ {[%emt 0:00:09]} 40. Kh2 {[%emt 0:00:10]} Rc1 {[%emt 0:00:01]} 41. Rxa5 {[%emt 0:30:51]} Nb1 {[%emt 0:18:34]} ({Schlechter ist} 41... R1xc6 42. Rxa3 Rc3 43. Ra7 $14) 42. Ra1 {[%emt 0:00:00]} R8xc6 {[%emt 0:00:12]} 43. Be3 {[%emt 0:00:00]} Rd1 {[%emt 0:00:18]} 44. Bh6+ {[%emt 0:00:00] [#]} Kf7 $1 {[%emt 0:05:31]} 45. Ra7 {[%emt 0:00:00]} Nc3 {[%emt 0:01:14]} 46. Rg7+ {[%emt 0:00:00]} Ke6 {[%emt 0:00:14]} 47. Rgxe7+ {[%emt 0:00:00]} Kf5 {[%emt 0:00:25]} 48. Rxh7 {[%emt 0:00:00]} Ne4 {[%emt 0:02:37]} 49. Rhg7 {[%emt 0:00:00]} Rc2+ {[%emt 0:02:54]} 50. Rg2 {[%emt 0:00:00]} Rxg2+ {[%emt 0:00:35]} 51. Kxg2 {[%emt 0:00:00]} Rd3 {[%emt 0:00:30]} 52. Ra4 {[%emt 0:00:00]} Rg3+ {[%emt 0:01:13]} 53. Kh2 {[%emt 0:00:00]} Rb3 {[%emt 0:00:51]} 54. Bc1 {[%emt 0:00:00]} Rc3 $15 {[%emt 0:00:35]} 55. Bh6 {[%emt 0:00:33]} 1/2-1/2

[Event "WTCC-50 2018"]
[Site "Radebeul"]
[Date "2018.07.15"]
[Round "9"]
[White "Shabalov, Alexander"]
[Black "Cummings, David H"]
[Result "1-0"]
[WhiteElo "2567"]
[BlackElo "2336"]
[Annotator "ChessBase"]
[PlyCount "75"]
[EventDate "2018.07.07"]
[EventType "team-tourn"]
[EventCountry "GER"]
[SourceTitle "playchess.com"]
[Source "ChessBase"]
[SourceQuality "1"]
[TimeControl "40/5400+30:1800+30"]

1. e4 {[%emt 0:00:00]} c5 {[%emt 0:00:00]} 2. Nf3 {[%emt 0:00:00]} e6 {[%emt 0:00:00]} 3. d4 {[%emt 0:00:00]} cxd4 {[%emt 0:00:00]} 4. Nxd4 {[%emt 0:00:00]} Nc6 {[%emt 0:00:09]} 5. Nc3 {[%emt 0:00:00]} Qc7 {[%emt 0:00:11]} 6. Be3 {[%emt 0:00:02]} a6 {[%emt 0:00:09]} 7. f4 {[%emt 0:00:12]} b5 {[%emt 0:00:55]} 8. Bd3 {[%emt 0:00:47]} Bb7 {[%emt 0:00:40]} 9. Nb3 {[%emt 0:00:08]} d6 {[%emt 0:02:12]} 10. Qf3 {[%emt 0:00:05]} Nf6 {[%emt 0:00:36]} 11. O-O {[%emt 0:00:07]} Be7 {[%emt 0:01:10]} 12. Qh3 {[%emt 0:00:07]} Nb4 {[%emt 0:05:22]} 13. Rac1 {[%emt 0:03:52]} Nxd3 {[%emt 0:11:00]} 14. cxd3 {[%emt 0:00:14]} Qd7 {[%emt 0:00:06]} 15. Na5 {[%emt 0:06:42]} O-O {[%emt 0:09:29]} 16. f5 {[%emt 0:02:25]} exf5 {[%emt 0:07:09]} 17. Rxf5 {[%emt 0:03:29]} b4 {[%emt 0:03:54]} 18. Ne2 {[%emt 0:03:20]} Rac8 {[%emt 0:20:07]} 19. Re1 {[%emt 0:19:52]} Ba8 {[%emt 0:02:35]} 20. Bd4 {[%emt 0:02:08]} d5 {[%emt 0:05:44]} 21. e5 {[%emt 0:12:12]} Ne8 {[%emt 0:00:28]} 22. Nf4 {[%emt 0:02:36]} Nc7 {[%emt 0:07:36]} 23. Nb3 {[%emt 0:14:25]} Ne6 {[%emt 0:07:16]} 24. Rh5 {[%emt 0:03:37]} h6 {[%emt 0:00:22]} 25. Be3 {[%emt 0:01:31]} Rc7 {[%emt 0:03:07]} 26. Qg3 {[%emt 0:03:52]} Kh7 {[%emt 0:08:52]} 27. Nd4 {[%emt 0:05:59]} Nxf4 {[%emt 0:00:12]} 28. Qxf4 {[%emt 0:01:38]} Bc5 {[%emt 0:01:54]} 29. Rxh6+ {[%emt 0:07:59]} gxh6 {[%emt 0:00:46]} 30. Qxh6+ {[%emt 0:00:07]} Kg8 {[%emt 0:00:02]} 31. Qg5+ {[%emt 0:00:27]} Kh7 {[%emt 0:00:26]} 32. Nf5 {[%emt 0:00:42]} f6 {[%emt 0:00:21]} 33. Qh6+ {[%emt 0:00:41]} Kg8 {[%emt 0:00:05]} 34. Bxc5 {[%emt 0:00:27]} Qxf5 {[%emt 0:01:24]} 35. Qxf8+ {[%emt 0:00:22]} Kh7 {[%emt 0:00:04]} 36. exf6 {[%emt 0:01:07]} d4 {[%emt 0:00:59]} 37. Re7+ {[%emt 0:00:22]} Rxe7 {[%emt 0:00:19]} 38. Qxe7+ {[%emt 0:00:06]} 1-0

[Event "WTCC-50 2018"]
[Site "Radebeul"]
[Date "2018.07.15"]
[Round "9"]
[White "Ehlvest, Jaan"]
[Black "Findlay, Ian T"]
[Result "1/2-1/2"]
[WhiteElo "2536"]
[BlackElo "2244"]
[Annotator "ChessBase"]
[PlyCount "102"]
[EventDate "2018.07.07"]
[EventType "team-tourn"]
[EventCountry "GER"]
[SourceTitle "playchess.com"]
[Source "ChessBase"]
[SourceQuality "1"]
[TimeControl "40/5400+30:1800+30"]

1. c4 {[%emt 0:00:00]} e6 {[%emt 0:00:00]} 2. Nf3 {[%emt 0:00:00]} Nf6 {[%emt 0:00:00]} 3. g3 {[%emt 0:00:00]} Be7 {[%emt 0:00:12]} 4. Bg2 {[%emt 0:00:00]} d5 {[%emt 0:00:10]} 5. O-O {[%emt 0:00:00]} O-O {[%emt 0:00:05]} 6. d4 {[%emt 0:00:53]} dxc4 {[%emt 0:00:10]} 7. Qc2 {[%emt 0:10:30]} a6 {[%emt 0:00:12]} 8. a4 {[%emt 0:00:46]} Bd7 {[%emt 0:00:18]} 9. Qxc4 {[%emt 0:00:50]} Bc6 {[%emt 0:00:08]} 10. Bg5 {[%emt 0:01:26]} Nbd7 {[%emt 0:01:26]} 11. Nc3 {[%emt 0:01:55]} h6 {[%emt 0:00:38]} 12. Bf4 {[%emt 0:06:39]} Nb6 {[%emt 0:11:50]} 13. Qb3 {[%emt 0:00:56]} Nbd5 {[%emt 0:07:15]} 14. Bd2 {[%emt 0:11:16]} Nxc3 {[%emt 0:00:51]} 15. bxc3 {[%emt 0:01:07]} b5 {[%emt 0:07:14]} 16. Ne5 {[%emt 0:08:03]} bxa4 {[%emt 0:11:24]} 17. Qa2 {[%emt 0:03:40]} Bxg2 {[%emt 0:00:46]} 18. Kxg2 {[%emt 0:00:03]} c5 {[%emt 0:13:20]} 19. Qxa4 {[%emt 0:01:08]} Ne4 {[%emt 0:01:07]} 20. Be1 {[%emt 0:02:16]} Qc7 {[%emt 0:08:12]} 21. f3 {[%emt 0:21:06]} Nf6 {[%emt 0:01:18]} 22. e4 {[%emt 0:01:17]} Rfb8 {[%emt 0:11:02]} 23. Rf2 {[%emt 0:02:04]} Rb7 {[%emt 0:02:31]} 24. Rfa2 {[%emt 0:01:39]} Nd7 {[%emt 0:10:08]} 25. Nxd7 {[%emt 0:04:36]} Qxd7 {[%emt 0:00:03]} 26. Qxd7 {[%emt 0:00:15]} Rxd7 {[%emt 0:00:02]} 27. Bf2 {[%emt 0:00:10]} cxd4 {[%emt 0:02:03]} 28. Bxd4 {[%emt 0:00:08]} Rd6 {[%emt 0:01:43]} 29. Bc5 {[%emt 0:00:44]} Rd7 {[%emt 0:00:02]} 30. Bxe7 {[%emt 0:00:09]} Rxe7 {[%emt 0:00:01]} 31. Rxa6 {[%emt 0:00:07]} Rxa6 {[%emt 0:00:19]} 32. Rxa6 {[%emt 0:00:04]} Rc7 {[%emt 0:01:30]} 33. Ra3 {[%emt 0:00:18]} f5 {[%emt 0:00:46]} 34. Kf2 {[%emt 0:01:18]} fxe4 {[%emt 0:00:35]} 35. fxe4 {[%emt 0:00:10]} Kf7 {[%emt 0:00:10]} 36. Ke3 {[%emt 0:02:57]} Kf6 {[%emt 0:00:08]} 37. h4 {[%emt 0:00:38]} h5 {[%emt 0:03:00]} 38. Kd4 {[%emt 0:07:43]} Rd7+ {[%emt 0:00:23]} 39. Kc4 {[%emt 0:01:13]} Ke5 {[%emt 0:02:39]} 40. Ra5+ {[%emt 0:01:00]} Kxe4 {[%emt 0:00:04]} 41. Rxh5 {[%emt 0:30:07]} Rc7+ {[%emt 0:35:28]} 42. Rc5 {[%emt 0:01:18]} Rb7 {[%emt 0:00:00]} 43. Rc6 {[%emt 0:00:00]} e5 {[%emt 0:00:00]} 44. Re6 {[%emt 0:00:00]} Rc7+ {[%emt 0:00:00]} 45. Kb4 {[%emt 0:00:00]} Kd5 {[%emt 0:00:00]} 46. Rb6 {[%emt 0:00:00]} Rc4+ {[%emt 0:00:00]} 47. Kb3 {[%emt 0:00:00]} Rg4 {[%emt 0:00:00]} 48. Rb5+ {[%emt 0:00:00]} Kd6 {[%emt 0:00:00]} 49. h5 {[%emt 0:00:00]} Rxg3 {[%emt 0:00:00]} 50. h6 {[%emt 0:00:00]} gxh6 {[%emt 0:00:00]} 51. Rb6+ {[%emt 0:00:00]} Kc5 1/2-1/2

[Event "WTCC-50 2018"]
[Site "Radebeul"]
[Date "2018.07.15"]
[Round "9"]
[White "Schlosser, Philipp"]
[Black "Speelman, Jon S"]
[Result "1/2-1/2"]
[WhiteElo "2501"]
[BlackElo "2493"]
[Annotator "RC"]
[PlyCount "44"]
[EventDate "2018.07.07"]
[EventType "team-tourn"]
[EventCountry "GER"]
[SourceTitle "playchess.com"]
[Source "ChessBase"]
[SourceQuality "1"]
[TimeControl "40/5400+30:1800+30"]

1. Nf3 {[%emt 0:03:04]} e6 {[%emt 0:00:19]} 2. g3 {[%emt 0:00:20]} b5 {[%emt 0:01:05]} 3. Bg2 {[%emt 0:01:06]} Bb7 {[%emt 0:00:06]} 4. O-O {[%emt 0:00:24]} Nf6 {[%emt 0:00:48]} 5. b3 {[%emt 0:02:28]} Be7 {[%emt 0:01:10]} 6. c4 {[%emt 0:00:29]} a6 {[%emt 0:03:51]} 7. Nc3 {[%emt 0:00:23]} b4 {[%emt 0:00:38]} 8. Na4 {[%emt 0:00:04]} O-O {[%emt 0:01:15]} 9. d4 {[%emt 0:12:20]} d6 {[%emt 0:04:23]} 10. Ne1 {[%emt 0:05:50]} Bxg2 {[%emt 0:02:35]} 11. Nxg2 {[%emt 0:01:52]} Nbd7 {[%emt 0:01:07]} 12. f3 {[%emt 0:02:10]} Nb6 {[%emt 0:03:13]} 13. Nxb6 {[%emt 0:07:29]} cxb6 {[%emt 0:00:07]} 14. e4 {[%emt 0:00:28]} b5 {[%emt 0:03:11]} 15. a3 {[%emt 0:14:26]} bxa3 {[%emt 0:03:33]} 16. Bxa3 {[%emt 0:01:03]} Qc7 {[%emt 0:02:38]} 17. Ne3 {[%emt 0:01:17]} Rfb8 {[%emt 0:03:00]} 18. Qd3 {[%emt 0:03:13]} Qb7 {[%emt 0:01:59]} 19. Rfd1 {[%emt 0:04:13]} Bf8 {[%emt 0:01:01]} 20. Ra2 {[%emt 0:04:16]} a5 {[%emt 0:02:28]} 21. Rda1 {[%emt 0:03:10]} a4 {[%emt 0:02:25]} 22. Bb2 {[%emt 0:13:14]} axb3 {[%emt 0:03:58]} 1/2-1/2

[Event "WTCC-50 2018"]
[Site "Radebeul"]
[Date "2018.07.15"]
[Round "9"]
[White "Emms, John M"]
[Black "Boensch, Uwe"]
[Result "1/2-1/2"]
[WhiteElo "2488"]
[BlackElo "2560"]
[Annotator "TA"]
[PlyCount "102"]
[EventDate "2018.07.07"]
[EventType "team-tourn"]
[EventCountry "GER"]
[SourceTitle "playchess.com"]
[Source "ChessBase"]
[SourceQuality "1"]

{[%evp 14,102,29,29,69,34,39,32,32,27,26,37,36,19,19,24,38,-61,-60,-46,-42,-77,-83,-81,-54,-77,-6,-74,-64,-86,-43,-175,-175,-175,-176,-162,-162,-161,-131,-144,-155,-142,-64,-76,-66,-58,-47,-60,-65,-168,-74,-100,-92,-92,-97,-91,-100,-93,-91,-92,-92,-85,-79,-79,-39,-39,-52,-47,-22,-22,-17,-77,-45,-43,0,0,0,0,0,0,0,0,0,0,0,0,0,0,0,0,0]} 1. e4 c5 2. c3 d5 3. exd5 Qxd5 4. Nf3 Nf6 5. Na3 e6 6. d4 cxd4 7. Nb5 Na6 8. Nbxd4 {LiveBook: 15 Partien} Nc7 {B22: Sizilianisch (Alapin 2.c3)} (8... Bd7 9. Bxa6 bxa6 10. Qe2 Bc5 11. O-O O-O 12. Rd1 Bb6 13. Ne5 Ba4 14. Rd3 Qe4 15. Qxe4 Nxe4 16. Be3 {½-½ (52) Zelbel,P (2432)-Ftacnik,L (2556) Germany 2015}) 9. Be2 e5 $146 ({Vorgänger:} 9... Bd7 10. Bf4 Bd6 11. Bxd6 Qxd6 12. O-O O-O 13. Qb3 e5 14. Nc2 Bc6 15. Rad1 Qe7 16. Qb4 Qxb4 17. Nxb4 Bxf3 18. Bxf3 {0-1 (42) Beliajevas,D (2168)-Stremavicius,T (1912) Klaipeda 2010}) 10. Nb5 Qxd1+ {Weiß steht etwas besser.} 11. Kxd1 Nxb5 12. Bxb5+ Bd7 13. a4 O-O-O 14. Ke2 e4 15. Ne5 (15. Bxd7+ $14 Rxd7 16. Nd4) 15... Be6 $15 16. Bc4 {Und weiter mit Lxe6+ wäre nett.} Nd5 $1 17. f3 exf3+ 18. Kxf3 Bd6 $36 {[%mdl 2048] Schwarz hat Druck.} 19. Re1 {[#]} Rhf8 ({Lieber} 19... Rhe8 $1 $17 20. Nd3 Bxh2) 20. Bf1 (20. Kf2 $11) 20... Rfe8 $17 {Und ...Sf6 würde nun gewinnen.} 21. Nd3 $1 Nf6 22. h3 {[#]} ({Günstiger ist} 22. Bf4 $15) 22... Bd5+ $1 $19 23. Kf2 Ne4+ 24. Kg1 Bg3 25. Re3 f5 26. Rf3 Bc4 27. a5 Bc7 (27... Bb8 $17 {...Sg3 ist eine echte Drohung.} 28. Ra4 Bb5) 28. Bf4 $1 $15 Bxf4 29. Nxf4 Bxf1 30. Rfxf1 Rd2 31. Rae1 (31. b4 $15) 31... g6 (31... Rxb2 $19 32. Nd3 Rb5) 32. Re2 Rxe2 33. Nxe2 $17 {[%mdl 4096] Endspiel KTS-KTS} Nd2 34. Re1 Nb3 35. a6 bxa6 36. Kf2 Nc5 {Droht stark ...Sd3+.} 37. Rd1 Rd8 38. Nd4 Nb3 39. g4 Nxd4 40. cxd4 $15 {KT-KT} Rd5 41. Ke3 Rb5 42. d5 (42. gxf5 $11 {hält das Gleichgewicht.} Rxf5 43. Ke4) 42... fxg4 43. hxg4 Rxb2 44. Rh1 {Die Stellung ist ausgeglichen.} Rb7 45. Kd4 a5 46. Ke5 a4 {Droht ...a3 und aus.} 47. Rh3 Kd8 48. g5 Re7+ 49. Kd6 Rd7+ 50. Ke6 Re7+ 51. Kd6 Rd7+ {Precision: Weiß = 52%, Schwarz = 49%.} 1/2-1/2

[Event "WTCC-50 2018"]
[Site "Radebeul"]
[Date "2018.07.15"]
[Round "9"]
[White "Volke, Karsten"]
[Black "Plaskett, H James"]
[Result "1-0"]
[WhiteElo "2474"]
[BlackElo "2455"]
[Annotator "TA"]
[PlyCount "111"]
[EventDate "2018.07.07"]
[EventType "team-tourn"]
[EventCountry "GER"]
[SourceTitle "playchess.com"]
[Source "ChessBase"]
[SourceQuality "1"]

{[%evp 14,111,25,26,28,28,28,24,32,31,26,18,35,39,43,24,53,54,66,73,72,71,79,73,62,71,74,56,70,44,45,51,50,45,60,22,57,55,48,50,75,72,125,132,105,54,69,33,33,33,33,35,126,132,168,168,203,196,196,200,261,257,303,280,429,369,411,399,391,383,366,283,875,885,1460,1469,1411,1325,1202,1039,29944,29944,7615,5110,29947,29948,29958,29959,29961,29964,29961,29959,29971,29973,29973,29974,29977,29979,29979,29979]} 1. d4 Nf6 {[%cal Bg8f6,Bf6e4,Be4d2][%mdl 32]} 2. c4 e6 3. Nc3 Bb4 4. e3 b6 5. Nge2 Ne4 6. Bd2 Nxd2 7. Qxd2 Bb7 8. d5 {LiveBook: 4 Games. E44: Nimzo-Indian: Rubinstein: 4...b6 5 Ne2} O-O 9. g3 c6 $146 ({Predecessor:} 9... d6 10. Bg2 e5 11. O-O Nd7 12. a3 Bxc3 13. Nxc3 Qe7 14. Qc2 Nf6 15. b4 a5 {0-1 (53) Georgiev,V (2518)-Wintzer,J (2349) Izmir 2006}) 10. a3 {White has an edge.} cxd5 11. Bg2 Bxc3 12. Nxc3 Na6 {And now ...Nc5 would win.} 13. b4 Nc7 14. cxd5 Nxd5 15. Nxd5 Bxd5 16. Bxd5 exd5 17. Qxd5 Rc8 18. O-O Qc7 19. Rfd1 Rfd8 20. Rd4 Qc6 21. Rad1 {Hoping for Qxc6.} Qxd5 22. Rxd5 $14 {[%mdl 4096] Endgame KRR-KRR} Rc7 $1 23. a4 Kf8 24. a5 Ke7 25. axb6 axb6 26. Re5+ Kf6 27. Rh5 Rb8 (27... Kg6 $142 28. Rhd5 f6) 28. Rxh7 $16 Rc4 29. Rd6+ (29. b5 $16) 29... Ke7 $14 30. Rd5 (30. Rd3 {keeps more tension.} g6 31. Rb3 Ra8 32. Kg2 d5 33. Rb2) 30... g6 31. Rh4 Rxh4 32. gxh4 {KR-KR} Rc8 (32... f5 $14) 33. h5 $16 Rc4 34. hxg6 fxg6 {[#]} 35. Rb5 $1 Rc6 36. Kg2 Ke6 {[#]} 37. e4 $1 d6 38. f3 Kf6 (38... Kd7 $142 39. h4 Kc7) 39. h4 Ke6 40. Kg3 Ke7 41. Kg4 Kf7 42. Kg5 Rc3 $2 (42... Kg7 43. Rd5 Kf7) 43. Rxb6 $18 Rxf3 44. Rxd6 Rg3+ 45. Kf4 Rh3 46. Ke5 Rxh4 47. Rd7+ Ke8 48. Ra7 g5 49. b5 {[%cal Bb4b5,Bb5b6,Bb6b7][%mdl 32] White mates.} Kd8 50. Rg7 g4 51. b6 Kc8 52. Kd5 Rh6 53. b7+ Kb8 54. e5 {[%cal Be4e5,Be5e6,Be6e7][%mdl 32]} g3 55. e6 Rh1 56. e7 {Precision: White = 78%, Black = 45%.} 1-0

[Event "WTCC-50 2018"]
[Site "Radebeul"]
[Date "2018.07.15"]
[Round "9"]
[White "Enders, Peter"]
[Black "Strutinskaia, Galina"]
[Result "1/2-1/2"]
[WhiteElo "2445"]
[BlackElo "2221"]
[Annotator "NA"]
[PlyCount "54"]
[EventDate "2018.07.07"]
[EventType "team-tourn"]
[EventCountry "GER"]
[SourceTitle "playchess.com"]
[Source "ChessBase"]
[SourceQuality "1"]
[TimeControl "40/5400+30:1800+30"]

1. b3 {[%emt 0:00:00]} d5 {[%emt 0:00:23]} 2. Bb2 {[%emt 0:00:00]} Bf5 {[%emt 0:00:23]} 3. d3 {[%emt 0:00:00]} e6 {[%emt 0:00:21]} 4. Nd2 {[%emt 0:00:00]} Nf6 {[%emt 0:00:07]} 5. g3 {[%emt 0:00:00]} c6 {[%emt 0:01:45]} 6. Bg2 {[%emt 0:00:03]} h6 {[%emt 0:02:41]} 7. e4 {[%emt 0:00:08]} Bh7 {[%emt 0:00:15]} 8. Qe2 {[%emt 0:00:12]} a5 {[%emt 0:00:43]} 9. a3 {[%emt 0:01:28]} Be7 {[%emt 0:01:05]} 10. Ngf3 {[%emt 0:00:14]} O-O {[%emt 0:01:35]} 11. O-O {[%emt 0:00:06]} Re8 {[%emt 0:14:31]} 12. Kh1 {[%emt 0:01:08]} c5 {[%emt 0:00:31]} 13. Ne5 a4 {[%emt 0:04:20]} 14. bxa4 {[%emt 0:19:54]} Rxa4 {[%emt 0:01:42]} 15. exd5 {[%emt 0:00:53]} exd5 {[%emt 0:01:57]} 16. Rfe1 {[%emt 0:01:32]} Ra6 {[%emt 0:07:43]} 17. Rab1 {[%emt 0:04:16]} b5 {[%emt 0:02:48]} 18. Ndf3 {[%emt 0:06:51]} Bf8 {[%emt 0:03:59]} 19. Qd2 {[%emt 0:01:53]} Nbd7 {[%emt 0:01:48]} 20. Re2 {[%emt 0:06:16]} d4 {[%emt 0:13:07]} 21. Rbe1 {[%emt 0:00:15]} Nxe5 {[%emt 0:00:28]} 22. Nxe5 {[%emt 0:00:37]} Qc7 {[%emt 0:00:22]} 23. c3 {[%emt 0:03:47]} dxc3 {[%emt 0:01:55]} 24. Qxc3 {[%emt 0:00:14]} Rd8 {[%emt 0:00:09]} 25. Qb3 {[%emt 0:04:44]} Rb6 {[%emt 0:05:23]} 26. Re3 {[%emt 0:01:47]} Bf5 {[%emt 0:01:35]} 27. h3 {[%emt 0:08:33]} Be6 1/2-1/2

[Event "WTCC-50 2018"]
[Site "Radebeul"]
[Date "2018.07.15"]
[Round "9"]
[White "Meister, Jakob"]
[Black "Scheckenbach, Franz"]
[Result "1/2-1/2"]
[WhiteElo "2432"]
[BlackElo "2106"]
[Annotator "TA"]
[PlyCount "152"]
[EventDate "2018.07.07"]
[EventType "team-tourn"]
[EventCountry "GER"]
[SourceTitle "playchess.com"]
[Source "ChessBase"]
[SourceQuality "1"]

{[%evp 16,152,41,26,17,10,36,16,18,0,35,31,28,28,47,16,68,41,76,70,68,78,90,70,100,80,83,77,82,79,88,36,36,41,46,31,31,26,98,57,59,49,38,48,102,20,125,124,119,98,110,90,112,104,209,113,113,93,85,55,216,227,213,208,227,215,282,68,77,83,66,62,83,80,68,59,129,122,116,128,118,91,84,91,322,310,385,388,423,420,420,412,377,378,757,708,825,825,825,632,522,0,0,0,0,0,0,0,0,0,0,0,0,0,0,0,0,0,0,0,0,0,0,0,0,0,0,0,0,0,0,0,0,0,0,0,0,0,0]} 1. d4 d5 2. Bf4 Nf6 3. e3 e6 4. c4 Bd6 5. Bxd6 cxd6 6. Nc3 {D00: 1 d4 d5: Unusual lines} dxc4 7. Bxc4 O-O 8. Nf3 b6 (8... a6 9. O-O b5 10. Bd3 Bb7 11. Qe2 Nbd7 12. a4 {1-0 (44) Karjakin,S (2783)-Meier,G (2630) chess.com INT 2017}) 9. O-O {LiveBook: 3 Games} Bb7 10. Rc1 a6 11. Qe2 Nbd7 12. Rc2 $146 ({Predecessor:} 12. a4) 12... Qb8 13. Bd3 Rc8 14. Rfc1 Qa7 15. e4 e5 ({Better is} 15... b5 $11) 16. d5 b5 17. b4 Nb6 18. Nd2 {[%cal Bf3d2,Bd2b3,Bb3a5][%mdl 32]} g6 19. a3 Qb8 20. Nb3 Nc4 21. Bxc4 Rxc4 22. Na5 Rc7 23. Nd1 ({White should try} 23. a4 $16) 23... Rxc2 $14 24. Rxc2 Bc8 25. f3 Bd7 26. Qe3 $36 {[%mdl 2048] White is more active.} Ra7 (26... Qa7 $11 {remains equal.}) 27. Rc6 {aiming for Rxd6!} Ne8 28. Qb6 (28. Kf1 {is interesting.} Ra8 29. Rb6 Qd8 30. Rb7 Qc8 31. Nc3) 28... Qxb6+ 29. Rxb6 Kf8 {[#]} (29... Rc7 $14) 30. Nc3 (30. Nc6 $1 $16 {[%cal Rc6a7]} Ra8 31. Kf2) 30... Ra8 (30... Rc7 $11 31. Nc6 Bc8) 31. Kf2 $16 f5 32. g3 Rc8 33. Nc6 Ra8 34. Ke3 Nf6 (34... fxe4 $16 35. Nxe4 (35. fxe4 Kg8 $14) 35... Nc7) 35. h4 ({White should play} 35. Nxe5 $1 $18 Nxd5+ 36. Nxd5 dxe5 37. Nf6) 35... Kf7 36. Kd3 fxe4+ 37. fxe4 Nh5 $2 (37... Bh3 $14) 38. Rb7 $18 Ke8 39. g4 Nf4+ 40. Kd2 h5 {[#]} 41. gxh5 $2 (41. g5 $1 $18 {Black must now prevent a4.} Ng2 42. a4 bxa4 43. b5) 41... gxh5 $14 42. Ne2 Nxe2 43. Kxe2 $16 {[%mdl 4096] Endgame KRB-KRN} Rc8 44. Rb6 Ra8 45. Kd2 Kf7 (45... Bc8 $14) 46. Rb7 Ke8 47. Kd3 Rc8 48. Rb6 (48. Nb8 {looks sharper.} Bh3 49. Nxa6 Bf1+ 50. Kd2 Rc4 51. Nc7+) 48... Ra8 49. Kc3 Bxc6 $2 (49... Kf8 $16 {keeps fighting.}) 50. dxc6 {KR-KR} ({And not} 50. Rxc6 Kd7 $11) 50... Kd8 51. Rb7 Rc8 52. Rd7+ Ke8 53. Rxd6 Ke7 54. Rh6 Rg8 $2 (54... Kf7 55. Kd3 (55. Rxh5 Rxc6+ 56. Kd2 Rd6+ 57. Ke3 Rg6 $18) 55... Ke7 56. Rxh5 Rxc6 57. Rxe5+ Kf6) 55. Rxh5 $18 Rg3+ 56. Kb2 Kd6 57. Rh6+ Kc7 58. Re6 $2 (58. Rh8 $18 {Threatens to win with h5.} Rg2+ 59. Kc1) 58... Rh3 $11 {The position is equal.} 59. Rxe5 {h5 is the strong threat.} Rxh4 60. Re6 Rh3 $1 61. Re5 Kxc6 62. Rc5+ Kd6 63. e5+ Ke6 64. Rc6+ Kxe5 65. Rxa6 Kd4 66. Rc6 Rh2+ 67. Rc2 Rh3 68. Rd2+ Kc4 69. Rc2+ Kd4 70. Ka2 Rg3 71. Rh2 Kc3 72. Rb2 {Rb3+ would kill now.} Kc4 73. a4 bxa4 74. b5 a3 75. Rb1 Rg8 76. b6 Kc5 {Precision: White = 52%, Black = 51%.} 1/2-1/2